[Event "Niedersachsen-ch Seniors op 10th"]
[Site "Bad Bevensen"]
[Date "2007.07.08"]
[Round "6"]
[White "Lueders, Guenter"]
[Black "Maslicic, Peter"]
[Result "1/2-1/2"]
[WhiteElo "1690"]
[BlackElo "1785"]
[PlyCount "50"]
[EventDate "2007.07.03"]
[EventType "swiss"]
[EventRounds "9"]
[EventCountry "GER"]
[SourceTitle "EXT 2022"]
[Source "ChessBase"]
[SourceDate "2021.10.06"]
[SourceVersion "1"]
[SourceVersionDate "2021.10.06"]
[SourceQuality "1"]

1. d4 d5 2. Nf3 c5 3. c3 Nc6 4. Bf4 f6 5. h4 e5 6. dxe5 fxe5 7. Bxe5 Bg4 8. Nbd2 Qe7 9. Bg3 Nf6 10. Qc2 g6 11. e3 Nh5 12. Bh2 d4 13. cxd4 cxd4 14. Nc4 Nb4 15. Nd6+ Qxd6 16. Bb5+ Bd7 17. Qe4+ Qe7 18. Bxd7+ Kf7 19. Qxe7+ Kxe7 20. Ba4 dxe3 21. fxe3 Nd3+ 22. Ke2 Nxb2 23. Be5 Bg7 24. Bxb2 Bxb2 25. Rab1 Ng3+ 1/2-1/2

[Event "Wilhelm Werner Memorial-H 31st"]
[Site "Bockenem"]
[Date "2006.05.25"]
[Round "2"]
[White "Holloway, Timo"]
[Black "Maslicic, Peter"]
[Result "1-0"]
[WhiteElo "1932"]
[BlackElo "1774"]
[PlyCount "77"]
[EventDate "2006.05.??"]
[EventType "swiss"]
[EventRounds "7"]
[EventCountry "GER"]
[SourceTitle "EXT 2008"]
[Source "ChessBase"]
[SourceDate "2007.11.25"]
[SourceVersion "1"]
[SourceVersionDate "2007.11.25"]
[SourceQuality "1"]

1. e4 c5 2. Nf3 e6 3. d4 cxd4 4. Nxd4 Bc5 5. Nc3 Qb6 6. Na4 Qa5+ 7. c3 Bxd4 8. Qxd4 e5 9. Qd1 Nf6 10. Qc2 d6 11. b3 0-0 12. Be2 b5 13. Nb2 Bb7 14. f3 Qb6 15. Qd3 Qc7 16. 0-0 d5 17. exd5 Nxd5 18. Bd2 Rd8 19. Qc2 Nc6 20. Bd3 Qb6+ 21. Kh1 Ne3 22. Bxe3 Qxe3 23. Rad1 b4 24. Nc4 Qh6 25. Be4 Rac8 26. Bxc6 Qxc6 27. cxb4 f6 28. Qf2 Ba6 29. Qxa7 Bxc4 30. bxc4 Qxc4 31. Qa3 Qe2 32. Qb3+ Kf8 33. h3 Rxd1 34. Qxd1 Qxa2 35. Qd6+ Ke8 36. Rd1 Qf7 37. Kh2 Qe7 38. Qa6 Kf7 39. Qxc8 1-0

[Event "Niedersachsen-ch Seniors 39th"]
[Site "Wingst"]
[Date "2005.03.11"]
[Round "9"]
[White "Niebuhr, Gerd"]
[Black "Maslicic, Peter"]
[Result "1/2-1/2"]
[WhiteElo "2063"]
[BlackElo "1774"]
[PlyCount "82"]
[EventDate "2005.03.03"]
[EventType "swiss"]
[EventRounds "9"]
[EventCountry "GER"]
[SourceTitle "EXT 2006"]
[Source "ChessBase"]
[SourceDate "2005.11.24"]
[SourceVersion "1"]
[SourceVersionDate "2005.11.24"]
[SourceQuality "1"]

1. d4 g6 2. c4 Bg7 3. Nc3 c6 4. e4 e6 5. Nf3 Ne7 6. Be2 0-0 7. 0-0 Na6 8. Be3 Nc7 9. Qd2 d6 10. Rad1 Qe8 11. Bf4 Qd8 12. e5 d5 13. c5 Ne8 14. Bh6 Nf5 15. Bxg7 Kxg7 16. g4 Nh4 17. g5 Nxf3+ 18. Bxf3 Rh8 19. b4 h6 20. h4 b6 21. a4 bxc5 22. dxc5 Qe7 23. Qe3 Rb8 24. Rb1 Nc7 25. b5 Bd7 26. Be2 hxg5 27. hxg5 d4 28. Qxd4 Qxg5+ 29. Qg4 Qxg4+ 30. Bxg4 cxb5 31. Bf3 b4 32. c6 Bc8 33. Nb5 Nd5 34. Bxd5 exd5 35. Rfc1 Rh5 36. Nxa7 Bf5 37. c7 Rbh8 38. c8Q Bxc8 39. Nxc8 Rxe5 40. Nb6 d4 41. Nc4 Rf5 1/2-1/2